P.e.t. : practice tests i /
Guardado en:
| Autor Principal: | |
|---|---|
| Formato: | Libro |
| Publicado: |
Inglaterra :
Cambridge University,
1993
|
| Etiquetas: |
Agregar Etiqueta
Sin Etiquetas, Sea el primero en etiquetar este registro!
|
| LEADER | 00420nam a22001455a 4500 | ||
|---|---|---|---|
| 001 | CEM.cems008762 | ||
| 005 | 20060214000000.0 | ||
| 008 | 130507s1993##################000#0#####d | ||
| 003 | CEMS | ||
| 082 | 0 | 4 | |a 428.64 |
| 100 | 1 | |a Fried Bootth, Diana L. | |
| 245 | 1 | 0 | |a P.e.t. : |b practice tests i / |
| 260 | |a Inglaterra : |b Cambridge University, |c 1993 | ||
| 300 | |a 89 p.1 | ||
| 859 | |a CEMS |b BIB. CEMS - 11 de abril |h 428.64 |i F912-1/1 |p 18141.95 |t Ej.1 | ||
